000
00255nam a22001217a 4500
008
170221b xxu||||| |||| 00| 0 eng d
041
_a
eng
080
_2
4TH
_a
615
100
_a
5
101
_a
SHF
245
_a
PHARMACOGNOSY
_c
CLAUS, E.P
942
_2
udc
_c
BK
999
_c
6003
_d
6003